000 00570nam a2200217 a 4500
008
020 _a0435518054(pbk. )
049 _aMAIN
090 _aQA801
100 1 _aHebborn,John
245 1 0 _aMechanics 3/
_cJohn Hebborn and Jean Littlewood
260 _aOxford:
_bHeineman,
_c1986
300 _av, 162 p. :
_bill. ;
_c26 cm.
500 _aIncludes index.
650 1 _aMechanics
907 _a.b10148292
_b29-09-05
_c25-01-05
003
005 20230123133912.0
040 _cNUST
942 _cBOOKS
_kQA801
999 _c156584
_d156584